| 000 | 00747cam a2200277 i 4500 | ||
|---|---|---|---|
| 001 | 4156375 | ||
| 003 | LC | ||
| 005 | 20160219102556.0 | ||
| 008 | 781219r1979 nyu 000 1 eng | ||
| 010 | _a 78031203 | ||
| 020 |
_a0345283163 _c$9.95 |
||
| 040 |
_aDLC _cDLC _dDLC |
||
| 050 | 0 | 0 |
_aPZ 4.J283 _b.B296 1980 |
| 082 | 0 | 0 |
_aFIC _bB28s 1979 |
| 100 | 1 |
_aBarwick, James. _918329 |
|
| 245 | 1 | 0 |
_aShadow of the wolf _cJames Barwick |
| 250 | _a1st Ballantine Books ed. | ||
| 260 |
_aNew York : _bBallantine Books, _cc1980. |
||
| 300 |
_a310 p. ; _c18 cm. |
||
| 562 | _e1 | ||
| 650 | 0 |
_aFiction. _9746 |
|
| 655 | 7 |
_aWar stories. _2gsafd _94878 |
|
| 906 |
_a7 _bcbc _corignew _d1 _eocip _f19 _gy-gencatlg |
||
| 942 |
_2lcc _cBK |
||
| 999 |
_c10942 _d10942 |
||